| 000 | 01231nam2a22002531 4500 | ||
|---|---|---|---|
| 001 | RU\NLR\INFOCOMM10\1000202939 | ||
| 005 | 20250617044731.0 | ||
| 035 | _a(NLR Aleph) 002459665 | ||
| 090 |
_a2240363 _c2240363 |
||
| 100 | _a20040324d1914 |||y0rusy50 ca | ||
| 101 | 0 | _arus | |
| 102 | _aRU | ||
| 105 | _ay ||||||||| | ||
| 200 | 0 | _aГ.10 1914, Вып.1/2(37/38) | |
| 210 |
_d1914 _aБ. м. |
||
| 421 | 1 |
_12001#$aСавелковы и Савеловы. XV-XX в.в.$fСавелов Л.М. _1700#1$aСавелов$bЛ.М. _1210##$aМ.$d1914 _1309##$aПрипл. _1300##$aТакже м/ф _tСавелковы и Савеловы. XV-XX в.в. _aСавелов, Л.М. |
|
| 461 | 0 |
_1001RU\NLR\INFOCOMM10\1000202908 _12001#$aЛетопись Историко-родословного общества в Москве$vГ.10 1914, Вып.1/2(37/38) _92240274 _aИсторико-родословное общество (Москва) _cМ. _d1905-1915, 1993 - _tЛетопись Историко-родословного общества в Москве _vГ.10 1914, Вып.1/2(37/38) |
|
| 801 | 1 |
_aRU _bInfoComm _c20040324 |
|
| 801 | 0 |
_aRU _bNLR _gPSBO |
|
| 852 |
_aNLR _j2/859 |
||
| 942 | _cISSUE | ||
| 980 | _aNB | ||
| 980 | _aRUSPER | ||